书目信息 |
| 题名: |
纺织用化工新产品与新技术
|
|
| 作者: | 汪多仁 编著 | |
| 分册: | ||
| 出版信息: | 南京 江苏科学技术出版社 2001.03 |
|
| 页数: | 400页 | |
| 开本: | 19cm | |
| 丛书名: | ||
| 单 册: | ||
| 中图分类: | TS03 | |
| 科图分类: | ||
| 主题词: | 轻工业--原料 , 轻工业--辅助材料 , 手工业--原料 , 手工业--辅助材料 | |
| 电子资源: | ||
| ISBN: | 7-5345-3314-7 | |
| 000 | 00677nam0 2200229 45 | |
| 001 | 0358569460 | |
| 005 | 20050620092752.31 | |
| 010 | @a7-5345-3314-7@dRMB 17.00 | |
| 100 | @a20030325d2001 km y0chiy0120 ea | |
| 101 | 0 | @achi |
| 102 | @aCN@b320000 | |
| 200 | 1 | @a纺织用化工新产品与新技术@Afang zhi yong hua gong xin chan pin yu xin ji shu@f汪多仁编著@FWang Duo Ren Bian Zhu |
| 210 | @a南京@c江苏科学技术出版社@d2001.03 | |
| 215 | @a400页@d19cm | |
| 606 | 0 | @a轻工业@x原料 |
| 606 | 0 | @a轻工业@x辅助材料 |
| 606 | 0 | @a手工业@x原料 |
| 606 | 0 | @a手工业@x辅助材料 |
| 690 | @aTS03@v3 | |
| 701 | 0 | @a汪多仁@AWang Duo Ren@4编著 |
| 801 | 0 | @aCN@bPFT@c20050620 |
| 905 | @dTS03@eW055 | |
| 纺织用化工新产品与新技术/汪多仁编著.-南京:江苏科学技术出版社,2001.03 |
| 400页;19cm |
| ISBN 7-5345-3314-7:RMB 17.00 |
| ● |
| 相关链接 |
|
|
|
正题名:纺织用化工新产品与新技术
索取号:TS03/W055
 
预约/预借
| 序号 | 登录号 | 条形码 | 馆藏地/架位号 | 状态 | 备注 |
| 1 | 371067 | 203710671 | 自科库501/501自科库 41排3列5层/ [索取号:TS03/W055] | 在馆 | |
| 2 | 371068 | 203710680 | 自科库501/501自科库 41排3列5层/ [索取号:TS03/W055] | 在馆 | |
| 3 | 535081 | 205350813 | 期刊室512/501自科库 41排3列5层/ [索取号:TS03/W055] | 在馆 | |
| 4 | 535082 | 205350822 | 自科库501/201建筑库 41排2列1层/ [索取号:TS03/W055] | 在馆 | |
| 5 | 535083 | 205350831 | 期刊室512/501自科库 41排3列5层/ [索取号:TS03/W055] | 在馆 | |
| 6 | 535084 | 205350840 | 自科库501/201建筑库 41排2列1层/ [索取号:TS03/W055] | 在馆 | |
| 7 | 535085 | 205350859 | 自科库501/400A自科库 29排1列1层/ [索取号:TS03/W055] | 在馆 |